| 000 | 00455nam a2200169Ia 4500 | ||
|---|---|---|---|
| 008 | 230524s9999 xx 000 0 und d | ||
| 020 | _a9788181289018 | ||
| 082 |
_a621.382 _bSTA |
||
| 100 | _aP.Stavroulakis Ed. | ||
| 245 | 0 | _aThird Generation Mobile Telecommunication Systems : UMTs & IMT-2000 | |
| 250 | _aIST | ||
| 260 |
_aNEW DELHI _bSpringer _c2008 |
||
| 300 | _aXI;638 | ||
| 500 | _aQuantity Number: 10 | ||
| 650 | _aElectronics | ||
| 942 | _cBK | ||
| 999 |
_c41650 _d41650 |
||